[Event "Ljubljana-chT 73rd"]
[Site "Ljubljana"]
[Date "2020.02.06"]
[Round "3.1"]
[White "Porenta, Matija"]
[Black "Novak, Robert"]
[Result "0-1"]
[WhiteElo "1787"]
[BlackElo "1669"]
[PlyCount "72"]
[EventDate "2020.01.16"]
[EventType "team-swiss"]
[EventRounds "6"]
[EventCountry "SLO"]
[SourceTitle "EXT 2024"]
[Source "ChessBase"]
[SourceDate "2023.10.10"]
[SourceVersion "1"]
[SourceVersionDate "2023.10.10"]
[SourceQuality "1"]
[WhiteTeam "Medvode Vittori Swimmear"]
[BlackTeam "Vrhnika Mladi"]
[WhiteTeamCountry "SLO"]
[BlackTeamCountry "SLO"]

1. e4 e5 2. Nf3 Nc6 3. Bc4 Bc5 4. d3 d6 5. h3 h6 6. Nc3 Nf6 7. Qe2 Be6 8. Bb3 0-0 9. 0-0 Qd7 10. Kh2 Ne7 11. Be3 Bb6 12. d4 exd4 13. Bxd4 Bxd4 14. Nxd4 Ng6 15. Nxe6 fxe6 16. g3 Kh8 17. f4 Rae8 18. Rad1 Qe7 19. Rde1 c6 20. a4 Qc7 21. Qe3 a6 22. Rd1 b5 23. Qd4 d5 24. exd5 exd5 25. axb5 axb5 26. Rfe1 Nh5 27. Rxe8 Rxe8 28. Rf1 Qb8 29. Rf2 Re1 30. Ne2 Nf6 31. c3 Ne4 32. Rg2 Qa8 33. f5 Qa1 34. Ng1 Ng5 35. Qf2 Ne5 36. g4 Nef3+ 0-1

[Event "Bled op"]
[Site "Bled"]
[Date "2017.03.10"]
[Round "1"]
[White "Porenta, Matija"]
[Black "Trussevich, Sergey"]
[Result "1/2-1/2"]
[WhiteElo "1693"]
[BlackElo "2261"]
[PlyCount "189"]
[EventDate "2017.03.10"]
[EventType "swiss"]
[EventRounds "5"]
[EventCountry "SLO"]
[SourceTitle "EXT 2019"]
[Source "ChessBase"]
[SourceDate "2018.10.10"]
[SourceVersion "1"]
[SourceVersionDate "2018.10.10"]
[SourceQuality "1"]

1. e4 c5 2. Nf3 e6 3. d4 cxd4 4. Nxd4 Nf6 5. Bd3 a6 6. a3 Qc7 7. c4 b6 8. Nc3 Bb7 9. Be3 d6 10. Rc1 Nbd7 11. 0-0 Nc5 12. f3 Nxd3 13. Qxd3 Rc8 14. Na4 Nd7 15. b3 Be7 16. Nc3 0-0 17. Rfd1 Rfe8 18. Bf2 Qb8 19. a4 Bg5 20. Be3 Bd8 21. Bf2 Bc7 22. Nde2 Nf6 23. h4 Rcd8 24. Qc2 Rc8 25. Qd3 Red8 26. Qe3 d5 27. cxd5 exd5 28. exd5 Nxd5 29. Nxd5 Bxd5 30. Rd3 Re8 31. Qd2 Rxe2 32. Qxe2 Bh2+ 33. Kh1 Rxc1+ 34. Rd1 Rxd1+ 35. Qxd1 Bxb3 36. Qxb3 Bc7 37. Kg1 h6 38. h5 b5 39. axb5 Bb6 40. Kf1 Bxf2 41. Kxf2 axb5 42. g4 Qe5 43. Qb4 g6 44. hxg6 fxg6 45. f4 Qf6 46. Kg3 Qe6 47. Qxb5 Qe3+ 48. Kg2 Qxf4 49. Qe8+ Kg7 50. Qe7+ Kg8 51. Qe8+ Kg7 52. Qe7+ Qf7 53. Qe5+ Kh7 54. Kg3 Qb7 55. Qe6 Qa7 56. Kg2 Qc7 57. Kf3 Kg7 58. Kg2 Qb7+ 59. Kg3 Qb8+ 60. Kg2 Qc7 61. Kh3 g5 62. Kg2 Qc2+ 63. Kg3 Qd3+ 64. Kg2 Qd2+ 65. Kg3 Qf4+ 66. Kg2 Qf6 67. Qd7+ Qf7 68. Qd4+ Qf6 69. Qd7+ Kg6 70. Qe8+ Qf7 71. Qc6+ Qf6 72. Qe8+ Qf7 73. Qc6+ Kg7 74. Qc8 h5 75. gxh5 Qd5+ 76. Kg3 Qe5+ 77. Kg2 Kh6 78. Qc2 Qd5+ 79. Kg3 Qe5+ 80. Kh3 Qe3+ 81. Kg2 Kxh5 82. Qh7+ Kg4 83. Qd7+ Kf4 84. Qd6+ Kf5 85. Qf8+ Kg4 86. Qc8+ Kh4 87. Qh8+ Kg4 88. Qc8+ Kh5 89. Qh3+ Qxh3+ 90. Kxh3 g4+ 91. Kg3 Kg5 92. Kg2 Kf4 93. Kf2 g3+ 94. Kg2 Kg4 95. Kg1 1/2-1/2